00464nam a2200157 ab4500001001000000003000900010005001700019007000300036008004100039040002500080082001400105100003700119245009000156260003800246300002200284000038935DO-SdBNP20240305130541.0ta130507s1987 dr 000 0 spa d aDO-SdBNPbspacBNPHU 4bT231c2221 aTavares K., Juan Tomás,d1953-10aChele a chele : bnuestro sistema de ahorros y prestámos /cJuan Tomás Tavares K. aSanto Domingo :bCorripio,c1987. a[14 p.] ;c24 cm.